000
00193 a2200097 4500
001
4033
100
_a
Gillerech, D
245
_a
Fluid Mechanies
260
_a
_b
Iliffe
_c
090
_c
3258
_d
3258
942
_a
NUST-CAE
_c
M
_c
25091
999
_c
239106
_d
239106